|
|
|
|
| LEADER |
00000nam a2200000 i 4500 |
| 001 |
ELB209613 |
| 003 |
FINmELB |
| 005 |
20221013121057.0 |
| 006 |
m o u |
| 007 |
cr cn||||||||| |
| 008 |
221013s2011 sp ab ob 000 0 spa d |
| 017 |
|
|
|a SE 2108-2011
|b Oficina Depósito Legal Sevilla
|
| 020 |
|
|
|a 978-84-8489-571-8 (Iberoamericana)
|
| 020 |
|
|
|a 978-3-86527-616-2 (Vervuert)
|
| 035 |
|
|
|a (OCoLC)1348610283
|
| 040 |
|
|
|a FINmELB
|b spa
|e rda
|c FINmELB
|
| 044 |
|
|
|a sp
|a gw
|
| 050 |
|
4 |
|a BX2321.S3
|b C365 2011
|
| 080 |
|
|
|a 248.153.8(460.111 Santiago)
|
| 080 |
|
|
|a 913(44+460 Camino de Santiago)(0:82)
|
| 080 |
|
|
|a 913(44+460 Camino de Santiago)(0:7)
|
| 080 |
|
|
|a 82.09"04/14"
|
| 080 |
|
|
|a 7.043.6
|
| 082 |
0 |
4 |
|a 263.0424611
|2 23
|
| 245 |
0 |
3 |
|a El Camino de Santiago :
|b encrucijada de saberes /
|c Itzíar López Guil, Luís Manuel Calvo Salgado (eds.).
|
| 264 |
|
1 |
|a Madrid :
|b Iberoamericana ;
|a Frankfurt am Main :
|b Vervuert,
|c 2011.
|
| 300 |
|
|
|a 1 recurso en línea (199 páginas) :
|b ilustraciones, mapa
|
| 336 |
|
|
|a texto
|b txt
|2 rdacontent/spa
|
| 337 |
|
|
|a computadora
|b c
|2 rdamedia/spa
|
| 338 |
|
|
|a recurso en línea
|b cr
|2 rdacarrier/spa
|
| 504 |
|
|
|a Incluye referencias bibliográficas.
|
| 588 |
|
|
|a Descripción basada en metadatos suministrados por el editor y otras fuentes.
|
| 590 |
|
|
|a Recurso electrónico. Santa Fe, Arg.: elibro, 2022. Disponible vía World Wide Web. El acceso puede estar limitado para las bibliotecas afiliadas a elibro.
|
| 650 |
|
4 |
|a Peregrinaciones cristianas
|z Santiago de Compostela.
|
| 650 |
|
4 |
|a Literatura medieval
|x Historia y crítica.
|
| 650 |
|
4 |
|a Arte religioso.
|
| 651 |
|
4 |
|a Camino de Santiago
|x En la literatura.
|
| 651 |
|
4 |
|a Camino de Santiago
|x En el arte.
|
| 655 |
|
4 |
|a Libros electrónicos.
|
| 700 |
1 |
|
|a López Guil, Itzíar,
|d 1968-
|
| 700 |
1 |
|
|a Calvo Salgado, Luís M.,
|d 1965-
|
| 797 |
2 |
|
|a elibro, Corp.
|
| 856 |
4 |
0 |
|u https://elibro.uam.elogim.com/ereader/bidiuam/209613
|z Texto completo
|